00682cam a2200205 4500008004100000020001500041035001200056050002500068245008400093250001200177260004100189300004100230500002100271504002700292506002900319650002900348650004400377650003500421700002000456040524t20022002gw ab gr 000 0 eng u a3540429204 aa43718500aSF140.P38 bP37 200210aPasture landscapes and nature conservation /cBernd Redecker...[et al.]. (eds.) a1a. ed. aBerlin ;aBerlin :bSpringer, c2002 axxii, 435 p. :bil., maps. ;c24c cm aWith 167 Figures aIncluye Bibliografía aRecursos propios escuela10aSistema pastoralzEuropa20aConservación de la naturalezazEuropa30aEcología del paisajezEuropa1 aRedecker, Bernd